000 01275cam a22003377a 4500
003 CHAP
005 20220817043742.0
008 010202d2000 mx d r o00110 spa d
010 _a83435
011 _a84407
022 _a1405-7530
035 _a94927
040 _cCHAP
090 _aFolleto 16031
110 2 _aMéxico.
_bSecretaría de Agricultura, Ganadería y Desarrollo Rural
245 1 0 _aGaceta oficial de los derechos de obtentor de variedades vegetales (Plant variety rights gazette)
_c/por Secretaría de Agricultura, Ganadería y Desarrollo Rural
260 _aMéxico, D.F. :
_bSecretaría de Agricultura, Ganadería y Desarrollo Rural,
_c2000
300 _a45 p. :
_bgráfs. ; cuadros
590 _aBATCH-UPD
_b10
_c20130110
_lUCH01
_h1341
590 _aBATCH-UPD
_b10
_c20130410
_lUCH01
_h0842
590 _aBATCH-UPD
_b10
_c20130914
_lUCH01
_h1122
590 _aCONVERSION
_b10
_c20130109
_lUCH01
_h1346
650 1 4 _aCultivos
_xVariedades.
_930332
650 1 4 _aHorticultura.
_956291
650 1 4 _aLegumbres
_xVariedades.
_965795
710 0 _aMéxico. Servicio Nacional de Inspección y Certificación de Semillas.
_977241
901 _aBK
905 _aMarco A. Mendoza T:
942 _cFOLL
949 _aFolleto 16031
_bBC
_cFOLL
_d949271
_eTS1
_i94927
_sb
999 _c83435
_d83435